000 00287nam a22001337a 4500
008 190305b xxu||||| |||| 00| 0 eng d
020 _a9780820478425
041 _aeng
080 _a371
100 _a46
101 _aEDU
245 _aTeaching Writing
_cThomas,P.L
942 _2udc
_cBK
999 _c54552
_d54552